|
|
|
|
| LEADER |
01095cam a2200349 a 4500 |
| 001 |
000044589 |
| 003 |
2991 |
| 005 |
20070530101556.0 |
| 008 |
010314b2004 vm 000 vie |
| 020 |
|
|
|c 215000
|
| 040 |
|
|
|a LIRC
|c LIRC
|d LIRC
|
| 041 |
0 |
|
|a vie
|
| 082 |
1 |
4 |
|a 340.092
|2 21
|b BÔ
|
| 110 |
2 |
|
|a Bộ Tư Pháp.
|
| 245 |
1 |
0 |
|a Luật sư Việt Nam 2003 - 2004 /
|c Bộ Tư pháp.
|
| 260 |
|
|
|a Hà Nội :
|b Tư pháp,
|c 2004.
|
| 300 |
|
|
|a 716 tr. ;
|c 27 cm.
|
| 630 |
0 |
4 |
|a Luật sư.
|
| 650 |
0 |
4 |
|a Luật sư
|z Việt Nam
|y 2003-2004.
|
| 650 |
0 |
4 |
|a Việt Nam
|b Luật sư
|y 2003-2004.
|
| OWN |
|
|
|a DUT
|
| AVA |
|
|
|a UDN50
|b DUT
|c Book
|d 340.092 BÔ
|e available
|t Error 5001 Not defined in file expand_doc_bib_avail.
|f 3
|g 0
|h N
|i 0
|j SH
|k 1
|
| 999 |
|
|
|a From the UDN01
|
| AVA |
|
|
|a UDN50
|b DUT
|c Book
|d 340.092 BÔ
|e available
|t Error 5001 Not defined in file expand_doc_bib_avail.
|f 3
|g 0
|h N
|i 0
|j SH
|k 1
|
| TYP |
|
|
|a Monograph
|
| TYP |
|
|
|a Printed language
|
| 980 |
|
|
|a Mạng thư viện Đại học Đà Nẵng
|